|
|
|
|
| LEADER |
00000nab a2200000 ar4500 |
| 001 |
vtls011737240 |
| 003 |
SK-MaSNL |
| 005 |
20260305031554.0 |
| 008 |
180907c2017 xo wr|p|||||||000 b|slo |
| 038 |
|
|
|a PPPK
|
| 040 |
|
|
|a PPPKCL
|b slo
|c PPPKCL
|e AACR2
|
| 041 |
0 |
|
|a slo
|
| 044 |
|
|
|a xo
|c SK
|
| 080 |
|
|
|a 94-021.143
|2 2011
|
| 245 |
0 |
0 |
|a Týždeň pod Tatrami pred sto rokmi
|c [autor] (arg)
|
| 648 |
|
7 |
|a 1917
|2 pppkcl
|9 418113
|
| 650 |
0 |
7 |
|a udalosti
|2 pppkcl
|9 30129
|
| 651 |
|
7 |
|a Vysoké Tatry (Poľsko a Slovensko : pohorie)
|2 SNKPHgeo
|9 67729
|
| 651 |
|
7 |
|a Poprad (Slovensko : okres)
|2 pppkcl
|9 28675
|
| 651 |
|
7 |
|a Kežmarok (Slovensko : okres)
|2 pppkcl
|9 51824
|
| 773 |
0 |
|
|t Podtatranské noviny
|g Roč. LVII, č. 51-52 (2017), s. 14
|x 1210-2423
|
| 852 |
|
|
|a PPPK
|b KIS3GCP
|
| 999 |
|
|
|c 3316640
|d 3318570
|